| 000 | 02365cam a22005054i 4500 | ||
|---|---|---|---|
| 003 | PE-LiUPU | ||
| 005 | 20250731173150.0 | ||
| 008 | 150623s1995 miua r 000 0 eng d | ||
| 020 | _a0802808298 | ||
| 035 | _a(Sirsi) i9780802808295 | ||
| 040 |
_aPE-LiUPU _bspa _cPE-LiUPU _erda |
||
| 049 | _aPRUA | ||
| 082 | 0 | 4 |
_a266 _bN49 _221 |
| 100 | 1 |
_aNewbigin, Lesslie, _eautor. |
|
| 245 | 1 | 4 |
_aThe open secret : _ban introduction to the theology of mission / _cLesslie Newbigin. |
| 264 | 1 |
_aGrand Rapids, Michigan : _bWilliam B. Eerdmans Publishing Company, _c1995. |
|
| 300 |
_a192 páginas : _bilustraciones ; _c23 centímetros |
||
| 336 |
_atext _2rdacontent |
||
| 337 |
_aunmediated _2rdamedia |
||
| 338 |
_avolume _2rdacarrier |
||
| 505 | 0 | _aThe background of the discussion -- The question of authority -- The mission of the triune God -- Proclaiming the kingdom of the father: mission as faith in action -- Sharing the life of the son: mission as love in action -- Bering the witness of the spirit: mission as hope in action -- The gospel and world history -- Mission as action for God's justice -- Church growth, conversion, and culture -- The gospel among the religions. | |
| 526 | _aSEG42 | ||
| 526 | _aSEG41 | ||
| 526 | _aSEG40 | ||
| 526 | _aSEG39 | ||
| 526 | _aP94 | ||
| 526 | _aP87 | ||
| 526 | _aP86 | ||
| 526 | _aP85 | ||
| 526 | _aP77 | ||
| 526 | _aP76 | ||
| 526 | _aP35 | ||
| 650 | 0 | 4 |
_aMision de la iglesia _xAspectos teológicos. |
| 650 | 0 | 4 | _aMisión de la iglesia. |
| 650 | 0 | 4 |
_aMisiones _xTeoría. |
| 942 |
_2ddc _cBOOK |
||
| 949 |
_a266 N49 _wDEWEY _c1 _i57486 _lCCODEBUL1 _mBUL _p20.00 _r0 _sY _tBOOK _u2015-6-24 _xTEOLOGIA _PP35 _0COMPRA _o.STAFF. Colección General |
||
| 949 |
_a266 N49 _wDEWEY _c2 _i53418 _lCCODEBUL1 _mBUL _p13.00 _r0 _sY _tBOOK _u2015-6-24 _xTEOLOGIA _PP35 _0COMPRA _o.STAFF. Colección General |
||
| 994 |
_aC0 _bPEPRU |
||
| 596 | _a1 | ||
| 999 |
_a266 N49 _wDEWEY _c35390 _i57486 _d35390 _e2018-8-1 _f2021-11-10 _g6 _lCCODEBUL1 _mBUL _n2 _p20.00 _q2 _r0 _sY _tBOOK _u2015-6-24 _xTEOLOGIA _PP35 _0COMPRA _o.STAFF. Colección Teología |
||
| 999 |
_a266 N49 _wDEWEY _c2 _i53418 _f2021-11-10 _g6 _lCCODEBUL1 _mBUL _p13.00 _q1 _r0 _sY _tBOOK _u2015-6-24 _xTEOLOGIA _PP35 _0COMPRA _o.STAFF. Colección General |
||
| 980 |
_81 _gALBERTO SANCHEZ Responsable de Automatización |
||